Účastnická zásuvka průběžná ZAP14/1.

Uložené v:
Podrobná bibliografia
Médium: Kniha
Jazyk:Slovak
Czech
Vydané: [2010].
Vydanie:1. vyd.
Témy:
On-line prístup:http://www.zamelcet.com
Fyzický popis: 2 l.
Tagy: Pridať tag
Žiadne tagy, Buďte prvý kto otaguje tento záznam!

MARC

LEADER 00000nam#a22000003a#4500
001 000361663
003 SVKKK
005 20100531113800.0
008 100531s2010 xo |||| 0 slo#d
040 |a SVK  |b slo  |c SVK  |e AACR2 
041 0 # |a cze 
044 |a xr  |c CZ 
080 |a 621.316.541.1  |2 2001 
110 2 |a ZAMEL sp. j. Zakład Mechaniki i Elektroniki J. W. Dzida, K. Łodzińska  |c Ul. Zielona 27, 43-200 Pszczyna, Poľsko  |4 mfr 
245 1 0 |a Účastnická zásuvka průběžná ZAP14/1. 
250 |a 1. vyd. 
260 # |c [2010]. 
300 |a 2 l. 
655 7 |a firemné prospekty  |2 SNKPH 
856 4 1 |u http://www.zamelcet.com 
910 |a svkkk 
998 |a FL 
090 |g SCKHL  |k SK42  |a 621.316.541.1  |j 220629  |i 220629  |4 zastaraná  |s Vyradená